000 01011nam a2200289 i 4500
001 bgj
245 0 0 _aCambridge proficiency examination practice 3 /
_cUniversity of Cambridge Local Examinations Syndicate.
250 _a[3th print.].
260 _aCambridge :
_bCambridge University Press,
_c1991
_aNew York.
300 _aV, 127, [3] pp :
_bdraw., phot. ;
_c24 cm.
490 1 _aCambridge Examinations Publishing
500 _a1st publ. 1989.
505 _aIncl. answer sheets.
650 9 _aEnglish language
_xCPE
650 9 _aEnglish language
_xCPE examinations
650 9 _aEnglish language
_xCPE practice tests
650 9 _aEnglish language
_xProficiency tests
655 _aExaminations, questions, etc.
710 0 _aUNIVERSITY OF CAMBRIDGE LOCAL EXAMINATIONS SYNDICATE
830 _aCambridge Examinations Publishing
020 _a521367778 (pbk)
040 _cBPK
041 0 _aeng
920 _aISBN-521-36777-8 (pbk)
942 _cKS
008 s uk f |000 0 eng
999 _c41407
_d41407
856 _uhttp://koha.tu.koszalin.pl/cgi-bin/koha/opac-detail.pl?biblionumber=41407
_yKatalog online BPK